| 000 | 00547nam a2200181Ia 4500 | ||
|---|---|---|---|
| 003 | GCL | ||
| 008 | 140319s9999 xx 000 0 ara d | ||
| 040 |
_aGCL / _cGCL |
||
| 082 | 0 | 4 |
_aط _b920.71 _bأ ع |
| 100 | 1 | _aفاطمة يسرا محمد | |
| 245 | 1 | 0 |
_aعماد اسماعيل / _cفاطمة يسرا محمد |
| 700 | 1 | _aامنة أحمد المفتى | |
| 300 | _a31 ص | ||
| 490 |
_aالهيئة العامة للاستعلامات _v0 |
||
| 650 | 0 | 4 | _aالرجال - تراجم |
| 650 | 0 | 4 | _aعماد اسماعيل |
| 942 |
_2ddc _cBK |
||
| 999 |
_c51323 _d51323 |
||